Anatomiska begrepp - Statistics

General Stats
  • This quiz has been taken 4 times
    3 since last reset
  • The average score is 23 of 31
Answer Stats
Hint Answer % Correct
Arcus Båge
100%
Cortex Bark
100%
Basis Bas
100%
Crista Benkam / Benås
100%
Digitorum Finger / Tå
100%
Cervix Hals
100%
Collum Hals
100%
Caput Huvud
100%
Capsula Kapsel
100%
Cavitas Kavitet / Hålrum
100%
Corpus Kropp
100%
Linea Linje
100%
Tuberculum Liten svullnad / liten knöl
100%
Margo Rand / Kant
100%
Tuberositas Skrovlighet
100%
Apex Spets
100%
Angulus Vinkel
100%
Fundus Botten
50%
Sulcus Fåra
50%
isthmus förträngning
50%
Condylus Ledutskott
50%
Anulus Liten Ring
50%
Centrum Medelpunkt
50%
incisura skåra / inskärning
50%
Cauda Svans
50%
Spina tagg
50%
Crus Underben / Skänkel
50%
Ala Vinge
50%
Facies yta / anikte
50%
Lacrima tår
0%
Epicondylus Utbuktning / utbuktning på condylus
0%
No matching quizzes found
Score Distribution
Percent of People with Each Score
Percentile by Number Answered
Your Score History
You have not taken this quiz since the last reset